Inside the BBC and CNN : (Record no. 6217)
[ view plain ]
| 000 -LEADER | |
|---|---|
| fixed length control field | 02075cam a2200289 4500 |
| 001 - CONTROL NUMBER | |
| control field | 7294 |
| 005 - DATE AND TIME OF LATEST TRANSACTION | |
| control field | 20181127183335.0 |
| 008 - FIXED-LENGTH DATA ELEMENTS--GENERAL INFORMATION | |
| fixed length control field | 001205s2000 enka b 001 0 eng d |
| 010 ## - LIBRARY OF CONGRESS CONTROL NUMBER | |
| LC control number | 00711147 |
| 020 ## - INTERNATIONAL STANDARD BOOK NUMBER | |
| International Standard Book Number | 0415213215 |
| International Standard Book Number | 0415213223 (pbk.) |
| 082 ## - DEWEY DECIMAL CLASSIFICATION NUMBER | |
| Classification number | 302.23 |
| Item number | |
| Edition number | |
| 100 1# - MAIN ENTRY--PERSONAL NAME | |
| Personal name | Kung, Lucy. |
| 245 10 - TITLE STATEMENT | |
| Title | Inside the BBC and CNN : |
| Remainder of title | managing media organisations / |
| Statement of responsibility, etc. | Lucy Kung-Shankleman. |
| 260 ## - PUBLICATION, DISTRIBUTION, ETC. | |
| Place of publication, distribution, etc. | London ; |
| -- | New York : |
| Name of publisher, distributor, etc. | Routledge, |
| Date of publication, distribution, etc. | 2000. |
| 300 ## - PHYSICAL DESCRIPTION | |
| Extent | viii, 245 p. : |
| Other physical details | ill. ; |
| Dimensions | 24 cm. |
| 504 ## - BIBLIOGRAPHY, ETC. NOTE | |
| Bibliography, etc. note | Includes bibliographical references (p. [233]-238) and index. |
| 505 ## - FORMATTED CONTENTS NOTE | |
| Formatted contents note | 1. What is organisation culture? -- 2. 'The status quo is not an option': Broadcasting's changing environmental context -- 3. The mass paradigm fragments: The changing nature of the broadcasting activity -- 4. 'Serving the nation': The BBC and its unique place in the UK's broadcasting ecology -- 5. The 'Mouth of the South' and his 'Chicken Noodle Network': Ted Turner and the beginnings of CNN -- 6. Continuous revolution: The BBC as a business -- 7. Reinventing the news: CNN's business model -- 8. 'Part of the British way of life': The BBC's culture in its own words -- 9. 'Underdogs and outsiders': CNN's culture in its own words -- 10. Reithianism versus Birtism: New strategic directions versus old cultural values at the BBC -- 11. Adrenaline: Culture's impact on performance, process and strategic options at CNN -- 12. A special case? Why media organisations need managing differently. |
| Miscellaneous information | |
| Statement of responsibility | |
| Title | |
| 520 ## - SUMMARY, ETC. | |
| Summary, etc. | This volume provides an inside account of the BBC and CNN, two of the world's best-known media organisations, during a period of great change and new challenges. It explores the attitudes that shape management priorities and broadcasting policy. |
| 610 20 - SUBJECT ADDED ENTRY--CORPORATE NAME | |
| Corporate name or jurisdiction name as entry element | British Broadcasting Corporation. |
| Corporate name or jurisdiction name as entry element | Cable News Network. |
| Corporate name or jurisdiction name as entry element | British Broadcasting Corporation. |
| Corporate name or jurisdiction name as entry element | Cable News Network. |
| 650 #0 - SUBJECT ADDED ENTRY--TOPICAL TERM | |
| Topical term or geographic name entry element | Broadcasting |
| Geographic subdivision | Great Britain. |
| Topical term or geographic name entry element | Broadcasting |
| Geographic subdivision | United States. |
| Withdrawn status | Lost status | Source of classification or shelving scheme | Damaged status | Not for loan | Collection code | Home library | Current library | Shelving location | Date acquired | Serial Enumeration / chronology | Inventory number | Total Checkouts | Full call number | Barcode | Date last seen | Price effective from | Koha item type |
|---|---|---|---|---|---|---|---|---|---|---|---|---|---|---|---|---|---|
| Dewey Decimal Classification | Main TEST | RTC Library | RTC Library | Main opac | 12/01/2022 | 11243 | 302.23 KUN | 30010871 | 12/01/2022 | 27/11/2018 | Main |